Quiz sur la Serbie - Statistiques

Statistiques générales
  • Ce quiz a été pris 6 226 fois
  • Le résultat moyen est 13 sur 20
Statistiques - réponses
Question Réponse % Correct
Capitale et plus grande ville Belgrade
96%
Ancien pays qui incluait notamment la Serbie, la Croatie et la Slovénie Yougoslavie
88%
« Province autonome » qui a déclaré son indépendance en 2008 Kosovo
82%
Tennisman serbe qui possède le record de victoires en Grand Chelem Novak Djokovic
82%
Alphabet notamment utilisé pour écrire le serbe Cyrillique
81%
Rivières qui confluent dans celle-ci Danube
81%
Péninsule sur laquelle la Serbie se situe Balkans
78%
Pays avec lequel la Serbie possède sa plus longue frontière terrestre Roumanie
77%
Groupe ethnique qui inclut les Serbes, les Bulgares ou encore les Tchèques Slaves
75%
Organisation militaire internationale qui a bombardé la Serbie en 1999 OTAN
71%
Union à laquelle la Serbie appartenait entre 2003 et 2006 Serbie-et-{Monténégro}
65%
En 1914, un serbe nommé Gavrilo Princip a assassiné cet héritier, ce qui a eu d'importantes répercussions dans toute l'Europe François-Ferdinand
64%
Sport dans lequel s'illustrent les serbes Vlade Divac and Nikola Jokić Basketball
62%
Dictateur qui dirigeait ce pays entre 1953 et 1980 Josip Broz Tito
61%
Illustre inventeur serbe qui a permis le développement du courant alternatif Nikola Tesla
60%
Dirigeant entre 1989 et 2000, qui est mort en prison en 2006 Slobodan {Milošević}
43%
Devise monétaire Dinar
35%
Deuxième ville la plus peuplée Novi Sad
35%
Province autonome anciennement hongroise à laquelle cette ville appartient V{oïvodine}
26%
Rivières qui confluent dans celle-ci Save
23%
Aucun quiz correspondant
Distribution des résultats
% des personnes avec chaque résultat
Percentile par nombre de réponses
Votre historique - résultats
Vous n’avez pas pris ce quiz